000 01107nam0a22003131 4500
001 RU\INFOCOMM_322\NLR\5000255337
005 20250614080401.0
035 _a(NLR Aleph) 010599246
090 _a10531105
_c10531105
100 _a20130322d1964 |||y0rusy50 ca
101 0 _afre
102 _aRU
105 _ay z||||
200 1 _aPrincipes de psychologie socio-ethnique
_fB. Porchnev
_gVII Congrès international des sciences anthropologiques et ethnologiques. Moscou, août 1964
210 _aM.
_c"Naouka"
_d1964
215 _a20 с.
_d20 см
309 _aОтпеч. множит. аппаратом
606 0 _aПсихология наций
_2nlr_sh1
620 _aМосква
686 _aФ4-180
_2rubbk
686 _aМ-Л4-244
_2rubbk
700 1 _9z01790
_aPoršnev
_bB. F.
_f1905-1972
_gBoris Fedorovič
712 1 2 _aCongrès international des sciences anthropologiques et ethnologiques
_d7
_eMoscou
_f1964
_4570
790 1 _9z01700
_aPorchnev
_bB.
_4070
801 1 _aRU
_bInfocomm
_c20130322
801 0 _aRU
_bINFOCOMM
_gPSBO
852 _aNLR
_jД01 Г-4/175
942 _cBOOK
980 _aNB